Statistics for Countries Starting with K and their Capitals

Click here to take the quiz!

General Stats

  • This quiz has been taken 46 times
  • The average score is 10 of 12

Answer Stats

Country% Correct
Kazakhstan
92%
Kenya
89%
Kuwait
89%
Kuwait City
89%
Kyrgyzstan
89%
Nairobi
86%
Kiribati
81%
Kosovo
81%
Nur-Sultan
78%
Bishkek
70%
Pristina
68%
South Tarawa
54%

Score Distribution

Percentile by Number Answered

Percent of People with Each Score

Your Score History

You have not taken this quiz